000 00556nam a2200193 a 4500
003 DO-SdBNP
005 20250618134452.0
007 ta
008 190807s1989 000 spa d
040 _aDO-SdBNP
_bspa
_cBNPHU
082 _a972.9302
_bR696e
100 _aRodríguez, Lorenzo
_976549
245 0 _aPanoramica colonial de la isla Hispaniola :
_bsiglos XV-XVI. /
_cLorenzo Rodríguez
260 _aSanto Domingo :
_c1989.
_bTaller,
300 _a492 p. :
_bil. ;
_c29 cm
590 _aInventariado, 2022 / DG
910 _aDG
942 _2ddc
_cLBS1
999 _c48755
_d48755